00801nam a22002057a 450000500170000001000150001702000260003203500140005803700090007208200130008110000250009424500610011925000060018026000360018627001520022230000200037494200240039499900190041895201580043720260612161104.0 aENG-148833 c300.00a9788119664658 aEN-132365 bDBAD a248.421 aAlangaram, A.989374 aTowards Living Christologies in the World/cA. Alangaram a1 bATC PublishersaBengaluruc2024 aSt's Mary Block, Archdiocesan,Pastoral Center,#5, Nandidurga Road,Benson TownbBengalurue560046k+918025491999k7090100444minfo@atcpublishers.com a181p.c21cm(pb) 2ddccENh248.4mALA c216631d216631 001040718NFICaDBADbDBADd2026-06-12eDelivery of Books Act Divisiong300.00l0o248.4 ALApEN-132365r2026-06-12 16:12:53t1v300.00w2026-06-12yEN